LEADER 01144nam a2200301 a 4500 001 000000175941 003 CaOOAMICUS 005 20230614173812.0 008 230614s2014 it 000 u ita r 020 $a978-88-5752-474-0* 032 $aLibriCat 040 $aPUL$bita 082 14$a211 100 1 $aBerzano, Luigi.$0(OLS)http://pul/name/35204 245 10$aSpiritualità senza Dio? /$cLuigi Berzano. 260 $aMilano ; Udine :$bMimesis,$c©2014. 300 $a67 pagine ;$c17 cm. 490 1 $aSpiritualità senza Dio? 650 4$aSpiritualità.$0(OLS)http://pul/subject/843 830 0$aSpiritualità senza Dio? ;$v1.$0(OLS)http://pul/title/217425 850 $aPUL 852 $aPUL$W1$xSL Religione 3$y85$m211 BERLU 1$j200107$qDDC 21$B204888$CPULBib$Z2$F204888 $H136310 $82 941 1 $a9 996 $6020$a978-88-5752-474-0*$9(OLS)http://pul/number/169181 996 $6082$a211$9(OLS)http://pul/classification/2257 996 $6245$aSpiritualità senza Dio?$9(OLS)http://pul/title/217424 996 $6260$aMilano ; Udine :$bMimesis$9(OLS)http://pul/publisher/81060 LEADER 01224nam a2200301 u 4500 001 000000075747 003 CaOOAMICUS 005 20070226123132.0 008 031020s2000 gw u000 u ger u 020 $a3170165852 035 $a10973471 040 $aPUL$bita 100 1 $aMurmann, Ulrike.$0(OLS)http://pul/name/50376 245 10$aFreiheit und Entfremdung :$bPaul Tillichs Theorie der Sünde /$cUlrike Murmann. 260 $aStüttgart :$bKohlhammer,$cc2000. 300 $a200 p. ;$c24 cm 490 1 $aForum Systematik ;$vBd. 8 500 $aComprende indice. 504 $aBibliografia in nota. 600 14$aTillich, Paul,$d1886-1965.$0(OLS)http://pul/subject/21765 650 4$aPeccato.$0(OLS)http://pul/subject/5639 830 0$aForum Systematik ;$vBd. 8.$0(OLS)http://pul/title/99389 850 $aPUL 852 $aPUL$W1$xSL Religione 1$y3$m54 M 8$j97395$nBK-PRI$b $qStampati$B97395$CPULBib$Z2$F97395 $H92697 $81 941 1 $a8 996 $6020$a3170165852$9(OLS)http://pul/number/99021 996 $6245$aFreiheit und Entfremdung :$bPaul Tillichs Theorie der Sünde$9(OLS)http://pul/title/99390 996 $6260$aStüttgart :$bKohlhammer$9(OLS)http://pul/publisher/50537